Seminar Kebangsaan pindaan terbaharu undang-undang Kanun Tanah Negara

Bibliographic Details
Corporate Author: Ron Nisay Associates
Format: Book
Subjects:

MARC

LEADER 00000cam a2200000 7i4500
001 0000004011
005 20050426.0
040 |a INS 
090 0 0 |a RHD1167.M3   |b A52 1985 
245 1 0 |a Seminar Kebangsaan pindaan terbaharu undang-undang Kanun Tanah Negara   |c Ron Nisay Association 1985 
300 |a 40p. ;   |c 29 cm. 
650 0 0 |a Land tenure   |z Malaysia   |x Law 
710 2 |a Ron Nisay Associates 
999 |a 0000001873   |b BOOK   |c Reference   |e Default branch